01164nam a2200289Ia 450000100060000000300090000600800410001504000130005604000130006904100130008210000160009510000290011124000360014024000350017624500470021124500470025825000110030526000110031626000120032726000490033930000430038850003410043165000260077265000310079870000170082970000280084622617IT-RoPAU130308s9999 xx 000 0 und d aIT-RoPAU cIT-RoPAU aITALIANO aReisz Karel gCodice Aut. SPICS: 2130 aTECHNIQUE OF FILM EDITING (THE) gCodice Tit. Orig. Spics: 15954 aTecnica del montaggio cinematografico (La) bTecnica del montaggio Cinematografico (La) a1a ed. aMILANO bSugarco c1983 [1° Ed.:1983 - Ed.Ling.Originale:1953] a"400 p. (prefazione: no ; testo: 400)" aStoria del montaggio Montaggio del Film muto e Sonoro Pratica di Montaggioprincipi di montaggio Montaggio delle immagini montaggio Sonoro schermo Panoramico Cinema Verite' Nouvelle vague Cinema D'Autore. Francois Truffaut. Jean Luc Godard. Alain Resnais. Michelangelo Antonioni. Operazioni in sala di Montaggio. Glossario. Bibliografia. aREGIA CINEMATOGRAFICA eCodice materia Spics: 6803 aMillar Gavin gCodice Aut. SPICS: 3748